ARRUPE JESUIT UNIVERSITY

CORONAVIRUS -STOP THE SPREAD - CLEAN,DISINFECT,COVER

This our exile : (Record no. 118471)

MARC details
000 -LEADER
fixed length control field 01197cam a2200337 a 4500
001 - CONTROL NUMBER
control field 4521890
003 - CONTROL NUMBER IDENTIFIER
control field ARRUPE
005 - DATE AND TIME OF LATEST TRANSACTION
control field 20131028170528.0
008 - FIXED-LENGTH DATA ELEMENTS--GENERAL INFORMATION
fixed length control field 000407s1999 nyuab 000 0aeng
010 ## - LIBRARY OF CONGRESS CONTROL NUMBER
LC control number 98043648
020 ## - INTERNATIONAL STANDARD BOOK NUMBER
International Standard Book Number 1570752508 (paper)
035 ## - SYSTEM CONTROL NUMBER
System control number (OCoLC)40403584
035 ## - SYSTEM CONTROL NUMBER
System control number (OCoLC)ocm40403584
035 ## - SYSTEM CONTROL NUMBER
System control number (NNC)4521890
040 ## - CATALOGING SOURCE
Original cataloging agency DLC
Transcribing agency DLC
Modifying agency DLC
-- NNUT
043 ## - GEOGRAPHIC AREA CODE
Geographic area code fe-----
-- f-ke---
-- n-us---
050 ## - LIBRARY OF CONGRESS CALL NUMBER
Classification number BV3532.M35
Item number A3 1999
090 ## - LOCALLY ASSIGNED LC-TYPE CALL NUMBER (OCLC); LOCAL CALL NUMBER (OCLC)
Classification number (OCLC) (R) ; Classification number, CALL (RLIN) (NR) BV3532.M35
Local cutter number (OCLC) ; Book number/undivided call number, CALL (RLIN) A3 1999
300 ## - PHYSICAL DESCRIPTION
Other physical details ill., map ;
Dimensions 21 cm
100 1# - MAIN ENTRY--PERSONAL NAME
Personal name Martin, James,
Dates associated with a name 1960-
9 (RLIN) 3037
245 10 - TITLE STATEMENT
Title This our exile :
Remainder of title a spiritual journey with the refugees of East Africa /
Statement of responsibility, etc James Martin ; foreword by Robert Coles
260 ## - PUBLICATION, DISTRIBUTION, ETC. (IMPRINT)
Place of publication, distribution, etc Maryknoll, N.Y. :
Name of publisher, distributor, etc Orbis Books,
Date of publication, distribution, etc c1999
300 ## - PHYSICAL DESCRIPTION
Extent xvii, 205 p. :
600 10 - SUBJECT ADDED ENTRY--PERSONAL NAME
Personal name Martin, James,
Dates associated with a name 1960-
9 (RLIN) 3038
610 20 - SUBJECT ADDED ENTRY--CORPORATE NAME
Corporate name or jurisdiction name as entry element Jesuits
General subdivision Missions
Geographic subdivision Kenya
-- Nairobi.
9 (RLIN) 3039
610 20 - SUBJECT ADDED ENTRY--CORPORATE NAME
Corporate name or jurisdiction name as entry element Jesuit Refugee Service.
Subordinate unit Eastern Africa Regional Office
Form subdivision Biography.
9 (RLIN) 3040
650 #0 - SUBJECT ADDED ENTRY--TOPICAL TERM
Topical term or geographic name as entry element Missionaries
Geographic subdivision Kenya
-- Nairobi
Form subdivision Biography.
9 (RLIN) 3041
650 #0 - SUBJECT ADDED ENTRY--TOPICAL TERM
Topical term or geographic name as entry element Missionaries
Geographic subdivision United States
Form subdivision Biography.
9 (RLIN) 3042
650 #0 - SUBJECT ADDED ENTRY--TOPICAL TERM
Topical term or geographic name as entry element Church work with refugees
Geographic subdivision Kenya
-- Nairobi.
9 (RLIN) 3043
942 ## - ADDED ENTRY ELEMENTS (KOHA)
Source of classification or shelving scheme Library of Congress Classification
Koha item type Monograph ( Printed materials)
Holdings
Withdrawn status Lost status Source of classification or shelving scheme Damaged status Not for loan Collection code Home library Current library Shelving location Date acquired Total Checkouts Full call number Barcode Date last seen Price effective from Koha item type
    Library of Congress Classification     Main Collection ARRUPE LIBRARY ARRUPE LIBRARY Main Collection 28/10/2013   BV3532.M35 A3 1999 46410505 24/01/2017 28/10/2013 Monograph ( Printed materials)

 

Arrupe Library. PO Box MP320 Mt Pleasant, Harare, Zimbabwe
263 242 745411|librarian@aju.ac.zw